Datum a čas kvízu

37.5 Celkem bodů Celkový počet nahraných bodů na tomto kvízu bez doplňovacích otázek.
2. Pořadí na kvízu Konečné umístění týmu na tomto kvízu.

Zaznamenané odpovědi

# Otázka Odpověď Body Výsledky
1. Uveďte jméno muže, který má v... Miroslav Hlaváč 0
2. Média minulý týden informovala... D) buddhistického mnicha 1
3. V letošním ročníku pěvecké sou... Jakub Prachař, Calin 1
4. Jedna známá česká firma ve stř... Kofola 1
5. Arsenal se konečně dočkal a po... Manchester City, Bournemouth 0
6. Téma začneme blbounem nejapným... Nizozemci (Holanďané) 0
7. Na které fotografii je tetluch... A) 1
8. Pro označení kohouta můžeme v... cock 1
9. U ptáků ještě zůstaneme. Pica... straka 1
10. Poslední název je spíše roztom... střevíčník pantoflíček 1